[Event "Muensterland Verbandsliga 1314"]
[Site "Germany"]
[Date "2014.05.03"]
[Round "9.6"]
[White "Broemmel, Rudolf"]
[Black "Knierim, Gerd"]
[Result "1/2-1/2"]
[WhiteElo "1883"]
[BlackElo "1678"]
[PlyCount "63"]
[EventDate "2013.09.07"]
[EventType "team-tourn"]
[EventRounds "9"]
[EventCountry "GER"]
[SourceTitle "EXT 2015"]
[Source "ChessBase"]
[SourceDate "2014.11.20"]
[SourceVersion "1"]
[SourceVersionDate "2014.11.20"]
[SourceQuality "1"]
[WhiteTeam "Raesfeld Erle"]
[BlackTeam "Muenster Indische Dame"]
[WhiteTeamCountry "GER"]
[BlackTeamCountry "GER"]

1. d4 Nf6 2. Bg5 e6 3. e4 h6 4. Bxf6 Qxf6 5. Nc3 Bb4 6. Qd2 d5 7. exd5 exd5 8. a3 Bxc3 9. Qxc3 Nc6 10. Bb5 Bd7 11. Nf3 Qe6+ 12. Qe3 Qxe3+ 13. fxe3 0-0 14. Kd2 Ne5 15. Nxe5 Bxb5 16. a4 Be8 17. Rhf1 f6 18. Nd3 Bf7 19. a5 Rfe8 20. Ra3 b6 21. axb6 axb6 22. Rfa1 Rac8 23. Rc3 Re7 24. Ra7 Kf8 25. b4 c6 26. Ra6 Rce8 27. Nb2 c5 28. dxc5 bxc5 29. bxc5 d4 30. Rca3 dxe3+ 31. Ke1 e2 32. Nd3 1/2-1/2